000 00342nam a22001457a 4500
003 OSt
005 20160727222402.0
008 160623b xxu||||| |||| 00| 0 eng d
040 _cTEST
100 _9723
_aCohen, B
245 _aThe Carp in the Bathtub
260 _aNEW YORK
_bDELL
_c1972
300 _aThe Carp in the Bathtub
942 _2ddc
_cBK
999 _c586
_d586